000 00890nam a22002177a 4500
999 _c64011
_d64011
003 Ge_BSU
005 20260309122421.0
008 260309s1999 enk||||| |||| 00| 0 eng d
020 _a9780521654258x
041 _aeng
080 _a316.74:001:33.35:338.36(520) L-95
100 _aLow, Morris
_927086
245 _aScience, Technology and Society in Contemporary Japan /
_cMorris Low, Shigeru Nakayama, Hitoshi Yoshioka.
264 _aCambridge :
_b‎ Cambridge University Press,
_c1999.
300 _a226 p.;
_b23 cm.
504 _aBibliogr. 194-211
653 _aმეცნიერება, ტექნოლოგია და საზოგადოება თანამედროვე იაპონიაში
700 _aNakayama, Shigeru
_eავტორი
_927087
700 _a Yoshioka, Hitoshi
_eავტორი
_927088
942 _2udc
_cᲬᲘᲒᲜᲘ